000
00301nam a2200133Ia 4500
008
220216s9999 xx 000 0 und d
100
_a
Kurup V S R
245
0
_a
Will GATT hit rubber?
260
_b
Rubber Asia
_c
1994
300
_a
26-32
650
_a
GATT
650
_a
Natural rubber
942
_c
JS
999
_c
72433
_d
72433